[Event "St Chely d'Aubrac op 7th"]
[Site "St Chely d'Aubrac"]
[Date "2007.07.20"]
[Round "8"]
[White "Messinger, Karl"]
[Black "Le Picard, Christopher"]
[Result "1-0"]
[WhiteElo "1640"]
[BlackElo "1560"]
[PlyCount "49"]
[EventDate "2007.07.07"]
[EventType "swiss"]
[EventRounds "9"]
[EventCountry "FRA"]
[SourceTitle "EXT 2008"]
[Source "ChessBase"]
[SourceDate "2007.11.25"]
[SourceVersion "1"]
[SourceVersionDate "2007.11.25"]
[SourceQuality "1"]

1. e4 e5 2. Nf3 Nc6 3. Bb5 Bc5 4. 0-0 Nge7 5. c3 a6 6. Ba4 b5 7. Bb3 d6 8. Re1 Bg4 9. Bxf7+ Kxf7 10. Ng5+ Ke8 11. Qxg4 h5 12. Qf3 Rf8 13. Qxf8+ Kxf8 14. Ne6+ Ke8 15. Nxd8 Nxd8 16. d3 Ne6 17. Be3 Ng6 18. g3 h4 19. Nd2 Ke7 20. Nb3 Bxe3 21. Rxe3 Rf8 22. d4 Ng5 23. Rf1 Ke6 24. dxe5 Kxe5 25. f4+ 1-0

[Event "St Chely d'Aubrac op 7th"]
[Site "St Chely d'Aubrac"]
[Date "2007.07.15"]
[Round "2"]
[White "Viennot, Kevin"]
[Black "Le Picard, Christopher"]
[Result "1-0"]
[WhiteElo "1760"]
[BlackElo "1560"]
[PlyCount "111"]
[EventDate "2007.07.07"]
[EventType "swiss"]
[EventRounds "9"]
[EventCountry "FRA"]
[SourceTitle "EXT 2008"]
[Source "ChessBase"]
[SourceDate "2007.11.25"]
[SourceVersion "1"]
[SourceVersionDate "2007.11.25"]
[SourceQuality "1"]

1. e4 e5 2. Nf3 Nc6 3. Bc4 Bc5 4. c3 Nf6 5. d3 d6 6. 0-0 0-0 7. Nbd2 Bg4 8. h3 Bh5 9. Re1 Re8 10. Nf1 a6 11. Bb3 Na5 12. Bc2 Ba7 13. Ng3 Bg6 14. Bg5 h6 15. Bh4 Bh7 16. Nh5 g5 17. Nxf6+ Qxf6 18. Bg3 c5 19. Qd2 Nc6 20. Bb3 Rab8 21. Bd5 Ne7 22. c4 Rec8 23. Nh2 Kh8 24. Ng4 Qg7 25. Qc3 f6 26. Be6 Rd8 27. Ne3 Bg8 28. Bxg8 Qxg8 29. Nd5 Nxd5 30. exd5 Qg6 31. Re4 Rdc8 32. Rae1 Kg7 33. b3 Rc7 34. Qd2 Rbc8 35. Qd1 Bb6 36. Qd2 Ba7 37. f3 Bb6 38. Bh2 Ba7 39. Rc1 Kf7 40. Bg3 Kg7 41. Qc2 Kf7 42. Be1 Bb6 43. Bc3 Kg7 44. Qd2 Ba7 45. Qf2 Bb6 46. Kh2 Ba7 47. g3 Kf7 48. Rce1 Re7 49. f4 Rce8 50. fxe5 dxe5 51. Rxe5 Qxd3 52. Rxe7+ Rxe7 53. Qxf6+ Kg8 54. Qh8+ Kf7 55. Qg7+ Ke8 56. Qxe7# 1-0